Dealing with complexity : an introduction to the theory and application of systems science
Saved in:
| Main Author: | |
|---|---|
| Other Authors: | |
| Format: | Book |
| Language: | English |
| Published: |
New York :
Plenum Press,
c1988
|
| Subjects: | |
| Tags: |
Add Tag
No Tags, Be the first to tag this record!
|
MARC
| LEADER | 00000cam a2200000 i 4500 | ||
|---|---|---|---|
| 001 | 1/29289 | ||
| 008 | 941103s1988 eng d | ||
| 020 | |a 030642715X | ||
| 035 | |l 10038284 | ||
| 035 | |a 1992 |c ΤΣΙΒΑΚΟΥ | ||
| 040 | |a GR-MY-UA |b gre |e aacr | ||
| 041 | 0 | |a eng | |
| 082 | 0 | |a 003 |2 (19) | |
| 100 | 1 | |a Flood, Robert L. | |
| 245 | 1 | 0 | |a Dealing with complexity : |b an introduction to the theory and application of systems science / |c Robert L. Flood and Ewart R. Carson |
| 260 | |a New York : |b Plenum Press, |c c1988 | ||
| 300 | |a xv, 289 p.; |b ill.; |c 28 cm | ||
| 500 | |a Includes index | ||
| 504 | |a Bibliography: p. 277-283 | ||
| 650 | 0 | 0 | |a System analysis. |
| 650 | 0 | 0 | |a Computational complexity. |
| 700 | 1 | |a Carson, Ewart R. | |
| 852 | |a INST |b SAMOS |e 19941103 |h 003 FLO |p 005300003881 |q 005300003881 |t BK |y 0 | ||
| 909 | |a Σ |b 024220 | ||